How to reach 67 in jewish art, 100 pictures (Record no. 358)
[ view plain ]
| 000 - LÍDER | |
|---|---|
| campo de control de longitud fija | 00862nam a2200217Ia 4500 |
| 008 - ELEMENTOS DE DATOS DE LONGITUD FIJA - INFORMACIÓN GENERAL | |
| campo de control de longitud fija | 0000002000 us a 0000000000eng00 |
| 020 ## - INTERNATIONAL STANDARD BOOK NUMBER | |
| International Standard Book Number | 897972082 |
| 090 ## - NÚMERO DE LLAMADA DE TIPO LC LOCALMENTE ASIGNADO (OCLC) | |
| Número de clasificación (OCLC) (R) | PUS00 K37h |
| 100 1# - ENTRADA PRINCIPAL - NOMBRE PERSONAL | |
| Nombre de la persona | Kitaj, R. B. |
| Fechas asociadas a un nombre | 1932 |
| 245 10 - TÍTULO DECLARACIÓN | |
| Título | How to reach 67 in jewish art, 100 pictures |
| Declaración de responsabilidad | / R. B. Kitaj |
| 264 ## - AVISO DE PRODUCCIÓN, PUBLICACIÓN, DISTRIBUCIÓN, FABRICACIÓN Y DERECHOS DE AUTOR | |
| Lugar de producción | New York : Marlborough Gallery |
| 260 ## - PUBLICACIÓN, DISTRIBUCIÓN | |
| Fecha de publicación | 2000 |
| 300 ## - DESCRIPCIÓN FÍSICA | |
| Alcance | 99 p. |
| Dimensiones | / 29 cm. |
| 500 ## - NOTA GENERAL | |
| Nota general | Exposición realizada en la Galería Marlborough, Madrid, Septiembre 12 Octubre 14, 2000 ; Galería Marlborough, Nueva York, Octubre 31 Diciembre 2, 2000 \ Con el patronazgo del maestro venezolano Jesús Rafael Soto (q.e.p.d.) |
| 600 00 - ENTRADA DE SUJETO AÑADIDO - NOMBRE PERSONAL | |
| Nombre de la persona | KITAJ, R. B., 1932/ |
| Subdivisión general | TRABAJOS PICTORICOS |
| 650 14 - ENTRADA DE SUJETO AÑADIDO - TÉRMINO TÓPICO | |
| Término tópico o elemento de entrada del nombre geográfico | PINTURA ESTADOUNIDENSE |
| 650 14 - ENTRADA DE SUJETO AÑADIDO - TÉRMINO TÓPICO | |
| Subdivisión general | CATALOGOS |
| 650 14 - ENTRADA DE SUJETO AÑADIDO - TÉRMINO TÓPICO | |
| Subdivisión general | EXPOSICIONES |
| 650 14 - ENTRADA DE SUJETO AÑADIDO - TÉRMINO TÓPICO | |
| Término tópico o elemento de entrada del nombre geográfico | JUDIOS EN EL ARTE |
| 650 14 - ENTRADA DE SUJETO AÑADIDO - TÉRMINO TÓPICO | |
| Término tópico o elemento de entrada del nombre geográfico | PINTORES ESTADOUNIDENSES |
| Estado de retirada | Pérdida de estatus | Estado dañado | No para préstamo | Código de recogida | Ubicación permanente | Ubicación actual | Ubicación de las estanterías | Fecha de adquisición | Número de llamada completo | Código de barras | Fecha de la última vez que se vio | Número de copia | Precio efectivo desde | Tipo de artículo Koha |
|---|---|---|---|---|---|---|---|---|---|---|---|---|---|---|
| General | ArtNexus | ArtNexus | General | 06/09/2022 | P-US-00 K37H | 358 | 06/09/2022 | Ej.1 | 06/09/2022 | Libro |